| 000 | 01558nam a2200277Ia 4500 | ||
|---|---|---|---|
| 008 | 220216s9999 xx 000 0 und d | ||
| 100 | _aSaraswathyamma C K | ||
| 245 | 0 | _aEvaluation of seedling progenies of male sterile clones of Hevea brasiliensis (Willd. ex. Adr.de Juss.) Muell. Arg. at the nursery stage | |
| 260 |
_bIndian Journal of Natural Rubber Research _c1989 |
||
| 300 | _a99-104 | ||
| 520 | _aSeedling progenies of three male sterile clones (GT 1, Ch 2 and RRII 35), along with progenies of a fertile clone (Mil 3/2) as standard, of Hevea brasiliensis were evaluated in the nursery. Seed from the male sterile clones recorded early and higher percentage of germination. The progenies of the male sterile clones were more vigorous compared to the control. Test tapping yield also indicated the superiority of the progenies of male sterile clones. The male sterile clones recorded higher heritability along with higher genetic advance indicating additive gene action. They also had higher general combining ability. Among the male sterile cloens, GT 1 showed significant superiority over the others. | ||
| 650 | _aGeneral combining ability | ||
| 650 | _aGeneral combining ability | ||
| 650 | _aGenotypic variation | ||
| 650 | _aGenotypic variation | ||
| 650 | _aHevea | ||
| 650 | _aHevea | ||
| 650 | _aJuvenile yield | ||
| 650 | _aJuvenile yield | ||
| 650 | _aMale sterility | ||
| 650 | _aMale sterility | ||
| 650 | _aPhenotypic variation | ||
| 650 | _aPhenotypic variation | ||
| 700 | _aPanikkar A O N | ||
| 942 | _cAR | ||
| 999 |
_c47088 _d47088 |
||